00449 a2200121 4500001000900000005001700009008004100026245007800067100002500145700002800170773011200198999001700310ART_807320260410161831.0260409a 10aLa gestión de la lealtad del cliente en el sector minorista alimentario1 aArrondo Diez, Elvira1 aUrcelay Yarza, Víctor0 tBoletín de estudios económicosgNuevas tendecnias en marketing - Año 55, Nº 171 (dic. 2000)wREV5142 c23253d23253